000 00439nam a2200157Ia 4500
005 20260417150915.0
008 260417s9999||||xx |||||||||||||| ||und||
020 _a9781847423627
041 _aeng
100 _aRees Jones/Hyde/Victor/Wiggins/Gilleard/Higgs
245 0 _aAgeing in a consumer society
260 _bCambridge, Cambridge,
_c2022
650 _aMedia & Communication
856 _u10.46692/9781847423627
942 _cE-BOOK
999 _c50646
_d50646